LDR 00582naa#a2200169#i#450# 001 EN\\bibl\114570 005 20260602084535.2 100 ## _a20260209b2026####ek#y0engy0150####ca 102 ## _aRU 200 1# _aPSYCHOLOGY AS AN INDEPENDENT SCIENCE IN THE SOCIALIST REPUBLIC OF VIETNAM _eJournal article 210 1# _aRyazan _cAcademy of the FPS of Russia _d2026 215 ## _a11 с. 608 ## _aJournal article _2local 675 ## _aПсихологические исследования. 159.9.07 _z 700 #1 _aKurdin _gDenis Alekseevich 700 #1 _aKhoa _gPham Viet 856 4# _azhurnal-vektor.editorum.ru _u